Quiz Cultura Generale - Quiz n°33 - Statistics

Statistiche generali
  • Questo quiz è stato fatto 209 volte
  • Il punteggio medio è 6 su 15
Statistiche sulle risposte
Domanda Risposta % Corretto
Chi interpreta Achille nel film "Troy" del 2004? Brad Pitt
66%
Qual era la capitale del Regno delle Sue Sicilie dal 1817 al 1860? Napoli
65%
Quale numero arabo corrisponde al numero romano DCXVI? 616
63%
Di quale apparato fa parte il cuore? Apparato cardiocircolatorio
58%
Quale pezzo degli scacchi si muove sia orizzontalmente sia verticalmente per il numero di caselle libere che ha a disposizione? Torre
58%
Qual è il numero uguale alla metà del triplo del quadrato di 4? 24
56%
Chi è l'attore che interpreta Dio nel film "Una settimana da Dio" del 2003? Morgan Freeman
44%
Qual è la media dei seguenti numeri: 4, 11, 2, e 7? 6
42%
Chi era il nonno di Carlo Magno, anche lui Re dei Franchi come il nipote? Carlo Martello
28%
In quale stato si trova la città di Agra, la quale ospita il mausoleo del Taj Mahal? India
25%
Qual è il quotidiano più famoso di Torino? La Stampa
21%
Chi ha diretto il film "8½" del 1963? Federico Fellini
17%
Qual è la capitale del Nuovo Galles del Sud? Sydney
7%
Chi ha scritto "De Architectura"? Marco Vitruvio Pollione
6%
In quale città si è disputata la finale dei Campionati mondiali di calcio del 2022? Lusail
5%
Nessun quiz corrispondente trovato
Distribuzione punteggi
Percentuale di utenti per punteggio
Percentile per numero di risposta
I tuoi punteggi nel tempo
Non hai fatto questo quiz